[Event "Boksburg Inter Region-ch"]
[Site "Boksburg"]
[Date "2016.12.23"]
[Round "7.2"]
[White "Nene, Themba"]
[Black "Van der Nat, Nicholas P"]
[Result "0-1"]
[WhiteElo "1904"]
[BlackElo "2352"]
[PlyCount "36"]
[EventDate "2016.12.20"]
[EventType "team-swiss"]
[EventRounds "7"]
[EventCountry "RSA"]
[SourceTitle "CBM 176 Extra"]
[Source "ChessBase"]
[SourceDate "2017.03.02"]
[SourceVersion "1"]
[SourceVersionDate "2017.03.02"]
[SourceQuality "1"]
[WhiteTeam "White Team"]
[BlackTeam "The A-Team"]
[WhiteTeamCountry "RSA"]
[BlackTeamCountry "RSA"]

1. d4 Nf6 2. c4 g6 3. Nc3 Bg7 4. e4 d6 5. f3 0-0 6. Be3 c5 7. Nge2 Qa5 8. Qd2 Nc6 9. d5 Ne5 10. Nc1 a6 11. Be2 Bd7 12. h3 b5 13. Nb3 Qb4 14. cxb5 axb5 15. Nxb5 Qxb3 16. axb3 Rxa1+ 17. Bd1 Bxb5 18. Kf2 Nd3+ 0-1

[Event "Boksburg Inter Region-ch"]
[Site "Boksburg"]
[Date "2016.12.22"]
[Round "6.1"]
[White "Meintjies, Jacques J"]
[Black "Van der Nat, Nicholas P"]
[Result "0-1"]
[WhiteElo "1919"]
[BlackElo "2352"]
[PlyCount "64"]
[EventDate "2016.12.20"]
[EventType "team-swiss"]
[EventRounds "7"]
[EventCountry "RSA"]
[SourceTitle "CBM 176 Extra"]
[Source "ChessBase"]
[SourceDate "2017.03.02"]
[SourceVersion "1"]
[SourceVersionDate "2017.03.02"]
[SourceQuality "1"]
[WhiteTeam "Rebels"]
[BlackTeam "The A-Team"]
[WhiteTeamCountry "RSA"]
[BlackTeamCountry "RSA"]

1. e4 c5 2. Nc3 g6 3. f4 Bg7 4. Nf3 Nc6 5. Bb5 Nd4 6. 0-0 a6 7. Bd3 d6 8. Nxd4 cxd4 9. Ne2 Nf6 10. Ng3 0-0 11. Qf3 Nd7 12. c3 Nc5 13. Bc2 Bd7 14. c4 b5 15. d3 bxc4 16. dxc4 Qb6 17. Kh1 Be6 18. Bd3 Qb4 19. f5 Nxd3 20. fxe6 Ne5 21. exf7+ Rxf7 22. Qd1 Rxf1+ 23. Nxf1 Qxc4 24. b3 Qe6 25. Bb2 Ng4 26. Kg1 Qxe4 27. Qd2 Rc8 28. Re1 Qc2 29. Rc1 Qf5 30. Rxc8+ Qxc8 31. Bxd4 e5 32. Bb2 Qc5+ 0-1

[Event "Boksburg Inter Region-ch"]
[Site "Boksburg"]
[Date "2016.12.21"]
[Round "4.2"]
[White "De Abreu, Roberto N"]
[Black "Van der Nat, Nicholas P"]
[Result "0-1"]
[WhiteElo "2089"]
[BlackElo "2352"]
[PlyCount "74"]
[EventDate "2016.12.20"]
[EventType "team-swiss"]
[EventRounds "7"]
[EventCountry "RSA"]
[SourceTitle "CBM 176 Extra"]
[Source "ChessBase"]
[SourceDate "2017.03.02"]
[SourceVersion "1"]
[SourceVersionDate "2017.03.02"]
[SourceQuality "1"]
[WhiteTeam "Johannesburg Metro"]
[BlackTeam "The A-Team"]
[WhiteTeamCountry "RSA"]
[BlackTeamCountry "RSA"]

1. d4 Nf6 2. Nf3 g6 3. g3 Bg7 4. Bg2 0-0 5. 0-0 d6 6. b3 c5 7. Bb2 Nfd7 8. c4 Nc6 9. Qd2 cxd4 10. Nxd4 Nde5 11. Rd1 Rb8 12. Nxc6 bxc6 13. Na3 Qb6 14. Bd4 c5 15. Bc3 Bb7 16. Qb2 Bxg2 17. Kxg2 Bf6 18. Qd2 Qb7+ 19. Kg1 h5 20. Nc2 h4 21. Ne3 hxg3 22. hxg3 Kg7 23. Nd5 Rh8 24. f3 Qd7 25. Nxf6 Rh1+ 26. Kf2 Rh2+ 27. Ke3 exf6 28. Bxe5 Re8 29. Qxd6 Qf5 30. Rd5 Re6 31. Kd2 Qxf3 32. Re1 Rxd6 33. Bxd6 Qg4 34. Bxc5 Rh5 35. Rxh5 Qxh5 36. Bxa7 Qa5+ 37. b4 Qxb4+ 0-1

[Event "Titled Tuesday intern op 6th Dec 10am"]
[Site "Chess.com INT"]
[Date "2016.12.06"]
[Round "1"]
[White "Adhiban, Baskaran"]
[Black "Van der Nat, Nicholas P"]
[Result "1-0"]
[WhiteElo "2666"]
[BlackElo "2355"]
[PlyCount "37"]
[EventDate "2016.12.06"]
[EventType "swiss (blitz)"]
[EventRounds "9"]
[EventCountry "USA"]
[SourceTitle "EXT 2021"]
[Source "ChessBase"]
[SourceDate "2020.10.23"]
[SourceVersion "1"]
[SourceVersionDate "2020.10.23"]
[SourceQuality "1"]

1. e4 c5 2. c3 Nf6 3. e5 Nd5 4. d4 cxd4 5. cxd4 Nc6 6. Nc3 Nxc3 7. bxc3 g6 8. f4 Bg7 9. Nf3 d6 10. Bd3 0-0 11. 0-0 dxe5 12. fxe5 f6 13. exf6 exf6 14. Ba3 Re8 15. Qb3+ Kh8 16. Rae1 Rxe1 17. Rxe1 Na5 18. Qf7 Nc6 19. Re8+ 1-0

[Event "Titled Tuesday intern op 6th Dec 10am"]
[Site "Chess.com INT"]
[Date "2016.12.06"]
[Round "4"]
[White "Van der Nat, Nicholas P"]
[Black "Beerdsen, Thomas"]
[Result "0-1"]
[WhiteElo "2355"]
[BlackElo "2407"]
[PlyCount "130"]
[EventDate "2016.12.06"]
[EventType "swiss (blitz)"]
[EventRounds "9"]
[EventCountry "USA"]
[SourceTitle "EXT 2021"]
[Source "ChessBase"]
[SourceDate "2020.10.23"]
[SourceVersion "1"]
[SourceVersionDate "2020.10.23"]
[SourceQuality "1"]

1. e4 e5 2. Nf3 Nc6 3. Bb5 f5 4. d3 fxe4 5. dxe4 Nf6 6. 0-0 d6 7. Nc3 Be7 8. Bc4 Na5 9. Qd3 Nxc4 10. Qxc4 Qd7 11. Ng5 Bd8 12. f4 exf4 13. Bxf4 h6 14. e5 hxg5 15. exf6 Bxf6 16. Rae1+ Kd8 17. Bg3 b5 18. Qe4 Rb8 19. Qg6 Bd4+ 20. Kh1 Qg4 21. Ne4 Bd7 22. Nxg5 Kc8 23. Rf3 Bc6 24. Qf5+ Qxf5 25. Rxf5 Bxb2 26. Rf7 Re8 27. Ne6 Bd7 28. Nxg7 Rxe1+ 29. Bxe1 Bc6 30. h4 Bd5 31. Rf8+ Kb7 32. Rxb8+ Kxb8 33. Nf5 Bxa2 34. h5 Bg8 35. g4 Bf6 36. Bd2 Bd5+ 37. Kh2 c5 38. g5 Bh8 39. g6 Be4 40. g7 Bxg7 41. Nxg7 Bxc2 42. Bf4 Kc7 43. Ne8+ Kc6 44. Nxd6 b4 45. Nc4 Kb5 46. Ne3 Bh7 47. Ng4 b3 48. Nf6 Bf5 49. Be5 a5 50. Kg3 a4 51. Kf4 a3 52. Kxf5 b2 53. Nd5 b1Q+ 54. Kf6 Qf1+ 55. Nf4 a2 56. h6 a1Q 57. Bxa1 Qxf4+ 58. Kg7 Qg5+ 59. Kh7 c4 60. Bg7 Kc6 61. Kg8 Qd5+ 62. Kf8 Qf5+ 63. Kg8 Qe6+ 64. Kf8 Kd7 65. h7 Qe8# 0-1

[Event "Commonwealth-ch"]
[Site "New Delhi"]
[Date "2015.06.25"]
[Round "4"]
[White "Karthikeyan, Murali"]
[Black "Van der Nat, Nicholas P"]
[Result "1-0"]
[WhiteElo "2502"]
[BlackElo "2348"]
[PlyCount "81"]
[EventDate "2015.06.23"]
[EventType "swiss"]
[EventRounds "9"]
[EventCountry "IND"]
[SourceTitle "EXT 2016"]
[Source "ChessBase"]
[SourceDate "2015.10.08"]
[SourceVersion "1"]
[SourceVersionDate "2015.10.08"]
[SourceQuality "1"]

1. e4 c5 2. Nf3 Nc6 3. Bb5 g6 4. 0-0 Bg7 5. Bxc6 dxc6 6. d3 Nf6 7. h3 Nd7 8. a4 a5 9. Nbd2 0-0 10. Nc4 e5 11. Nh2 b5 12. Na3 Ba6 13. Bd2 Qc7 14. Qe1 Qb7 15. b3 Rfc8 16. Ng4 Nf8 17. f4 exf4 18. Rxf4 b4 19. Nc4 Bxc4 20. bxc4 h5 21. Nf6+ Kh8 22. Qe2 Nh7 23. e5 Qe7 24. Re1 Bxf6 25. exf6 Qxe2 26. Rxe2 Re8 27. Re7 Kg8 28. Be3 Nxf6 29. Bxc5 Rxe7 30. Bxe7 Nd7 31. c5 Re8 32. Bd6 Re2 33. Rc4 Re1+ 34. Kh2 Ra1 35. Re4 Ra2 36. Re7 Nf6 37. Be5 Kg7 38. Rc7 Rxc2 39. Rxc6 Rf2 40. Rxf6 Rxf6 41. c6 1-0

[Event "Centurion Capablanca GM"]
[Site "Centurion"]
[Date "2014.05.03"]
[Round "8"]
[White "Strikovic, Aleksa"]
[Black "Van der Nat, Nicholas P"]
[Result "1/2-1/2"]
[WhiteElo "2533"]
[BlackElo "2366"]
[PlyCount "85"]
[EventDate "2014.04.25"]
[EventType "tourn"]
[EventRounds "9"]
[EventCountry "RSA"]
[EventCategory "6"]
[SourceTitle "CBM 160 Extra"]
[Source "ChessBase"]
[SourceDate "2014.07.01"]
[SourceVersion "1"]
[SourceVersionDate "2014.07.01"]
[SourceQuality "1"]

1. c4 Nf6 2. Nc3 g6 3. e4 d6 4. d4 Bg7 5. Nf3 0-0 6. Be2 e5 7. d5 a5 8. Bg5 Na6 9. Nd2 Qe8 10. a3 Bd7 11. b3 c6 12. Rb1 Qb8 13. 0-0 Rc8 14. b4 axb4 15. axb4 cxd5 16. exd5 Ne8 17. Be3 Qc7 18. Qb3 f5 19. f3 Kh8 20. Rfc1 Qd8 21. Nb5 Bxb5 22. cxb5 Nb8 23. Nc4 Nd7 24. b6 Qf6 25. Na5 Rxc1+ 26. Rxc1 Rb8 27. Bb5 Qf7 28. Nxb7 Rxb7 29. Rc8 f4 30. Bf2 e4 31. fxe4 Be5 32. Qh3 Kg7 33. Qe6 Nxb6 34. Rxe8 Nxd5 35. Qxf7+ Kxf7 36. Rxe5 dxe5 37. Bc4 Rxb4 38. Bxd5+ Kf6 39. Bc5 Rb2 40. h4 h6 41. Bf2 g5 42. hxg5+ hxg5 43. g4 1/2-1/2

[Event "Centurion Capablanca GM"]
[Site "Centurion"]
[Date "2014.05.01"]
[Round "6"]
[White "Van der Nat, Nicholas P"]
[Black "Murshed, Niaz"]
[Result "1/2-1/2"]
[WhiteElo "2366"]
[BlackElo "2464"]
[PlyCount "68"]
[EventDate "2014.04.25"]
[EventType "tourn"]
[EventRounds "9"]
[EventCountry "RSA"]
[EventCategory "6"]
[SourceTitle "CBM 160 Extra"]
[Source "ChessBase"]
[SourceDate "2014.07.01"]
[SourceVersion "1"]
[SourceVersionDate "2014.07.01"]
[SourceQuality "1"]

1. e4 c5 2. Nf3 e6 3. d4 cxd4 4. Nxd4 Nc6 5. Nc3 Qc7 6. Be3 a6 7. Bd3 Nf6 8. 0-0 Nxd4 9. Bxd4 Bc5 10. Bxc5 Qxc5 11. Kh1 d6 12. Qe1 e5 13. f4 Be6 14. Rd1 0-0 15. f5 Bd7 16. Rf3 Bc6 17. Qh4 h6 18. Re1 Rfe8 19. Ree3 Kf8 20. Rg3 Ke7 21. Nd1 Rg8 22. Re2 b5 23. Ne3 a5 24. h3 Kf8 25. Ng4 Nxg4 26. Qxg4 f6 27. Rd2 Ke7 28. Qe2 a4 29. a3 Rab8 30. c3 Be8 31. Qd1 Bf7 32. Be2 Bb3 33. Qe1 Bf7 34. Qd1 Bb3 1/2-1/2

[Event "Centurion Capablanca GM"]
[Site "Centurion"]
[Date "2014.04.27"]
[Round "3"]
[White "Makoto, Rodwell"]
[Black "Van der Nat, Nicholas P"]
[Result "1/2-1/2"]
[WhiteElo "2271"]
[BlackElo "2366"]
[PlyCount "180"]
[EventDate "2014.04.25"]
[EventType "tourn"]
[EventRounds "9"]
[EventCountry "RSA"]
[EventCategory "6"]
[SourceTitle "CBM 160 Extra"]
[Source "ChessBase"]
[SourceDate "2014.07.01"]
[SourceVersion "1"]
[SourceVersionDate "2014.07.01"]
[SourceQuality "1"]

1. Nf3 c5 2. c4 Nf6 3. Nc3 b6 4. g3 Bb7 5. Bg2 g6 6. b3 Bg7 7. Bb2 d6 8. d4 cxd4 9. Qxd4 Nbd7 10. 0-0 Rc8 11. Rac1 0-0 12. Rfd1 a6 13. Qd2 Nc5 14. Bh3 Rc7 15. Nd5 Nce4 16. Nxf6+ Bxf6 17. Qc2 Qa8 18. Bxf6 Nxf6 19. Qd3 Be4 20. Qe3 Rb8 21. Bg2 Qb7 22. Rd4 b5 23. Bh3 b4 24. Nd2 Bc6 25. Qh6 Qb6 26. c5 dxc5 27. Rh4 Bb7 28. g4 Qd6 29. Nf3 Bxf3 30. exf3 Rd8 31. g5 Nh5 32. Bf5 gxf5 33. Qxh5 Qg6 34. Qxg6+ hxg6 35. Rxb4 cxb4 36. Rxc7 Rd2 37. Rxe7 Rxa2 38. Ra7 f4 39. Kg2 Ra3 40. Ra8+ Kg7 41. h4 a5 42. Kh3 Rxb3 43. Rxa5 Rxf3+ 44. Kg2 Rb3 45. Ra8 Rc3 46. Rb8 Rc4 47. Kf3 Rd4 48. Kg4 f3+ 49. Kg3 Re4 50. Kh3 Rf4 51. Kg3 Rc4 52. Kh3 Kh7 53. Kg3 Kg7 54. Kh3 f5 55. Rb7+ Kg8 56. Rb6 Kf7 57. Rf6+ Kg7 58. Rb6 Rg4 59. Rb7+ Kg8 60. Rb6 Kf7 61. Rf6+ Kg7 62. Rb6 Rg2 63. Rxb4 Rxf2 64. Kg3 Rf1 65. Rb7+ Kf8 66. Rb6 Kf7 67. h5 Rg1+ 68. Kxf3 Rxg5 69. hxg6+ Rxg6 70. Rxg6 Kxg6 71. Kf4 Kf6 72. Kf3 Kg5 73. Kg3 f4+ 74. Kf3 Kf5 75. Kf2 Ke4 76. Ke2 Kd4 77. Kf3 Ke5 78. Kf2 Ke4 79. Ke2 f3+ 80. Kf2 Kf4 81. Kf1 Kg4 82. Kf2 Kf4 83. Kf1 Ke3 84. Ke1 Kd3 85. Kf2 Ke4 86. Kf1 Kf5 87. Kf2 Kg4 88. Kf1 Kg3 89. Kg1 f2+ 90. Kf1 Kf3 1/2-1/2

[Event "Pretoria Capablanca"]
[Site "Pretoria"]
[Date "2013.04.27"]
[Round "7"]
[White "Kayonde, Andrew"]
[Black "Van der Nat, Nicholas P"]
[Result "0-1"]
[WhiteElo "2210"]
[BlackElo "2337"]
[PlyCount "50"]
[EventDate "2013.04.24"]
[EventType "tourn"]
[EventRounds "9"]
[EventCountry "RSA"]
[EventCategory "2"]
[SourceTitle "CBM 154 Extra"]
[Source "ChessBase"]
[SourceDate "2013.06.25"]
[SourceVersion "2"]
[SourceVersionDate "2013.06.25"]
[SourceQuality "1"]

1. d4 Nf6 2. c4 g6 3. Nc3 Bg7 4. e4 d6 5. f4 0-0 6. Nf3 c5 7. d5 e6 8. Be2 exd5 9. cxd5 Bg4 10. 0-0 Nbd7 11. h3 Bxf3 12. Bxf3 Rb8 13. a4 Ne8 14. g4 a6 15. a5 b5 16. axb6 Rxb6 17. Be2 Nc7 18. g5 Qb8 19. e5 dxe5 20. f5 gxf5 21. Rxf5 Ne8 22. Rxa6 Rxa6 23. Bxa6 Nd6 24. Rf1 c4 25. Bb5 Nxb5 0-1

[Event "Pretoria Capablanca"]
[Site "Pretoria"]
[Date "2013.04.26"]
[Round "6"]
[White "Van der Nat, Nicholas P"]
[Black "Gluckman, David"]
[Result "1-0"]
[WhiteElo "2337"]
[BlackElo "2245"]
[PlyCount "55"]
[EventDate "2013.04.24"]
[EventType "tourn"]
[EventRounds "9"]
[EventCountry "RSA"]
[EventCategory "2"]
[SourceTitle "CBM 154 Extra"]
[Source "ChessBase"]
[SourceDate "2013.06.25"]
[SourceVersion "2"]
[SourceVersionDate "2013.06.25"]
[SourceQuality "1"]

1. e4 e6 2. d4 d5 3. Nc3 Nf6 4. Bg5 dxe4 5. Nxe4 Be7 6. Bxf6 gxf6 7. Qd3 f5 8. Nc3 Nc6 9. 0-0-0 Nb4 10. Qg3 Bh4 11. Qe3 0-0 12. Nf3 Bf6 13. g4 Kh8 14. gxf5 exf5 15. Rg1 c6 16. Qh6 Rg8 17. Rxg8+ Kxg8 18. Bc4 Be6 19. Rg1+ Kh8 20. Bxe6 fxe6 21. Rg6 Bxd4 22. Ne2 Nxa2+ 23. Kb1 Bxb2 24. Kxb2 Qb6+ 25. Ka1 Qc7 26. Rg3 Qe7 27. Nf4 Rg8 28. Kxa2 1-0

[Event "Pretoria Capablanca"]
[Site "Pretoria"]
[Date "2013.04.25"]
[Round "3"]
[White "Makoto, Rodwell"]
[Black "Van der Nat, Nicholas P"]
[Result "0-1"]
[WhiteElo "2302"]
[BlackElo "2337"]
[PlyCount "102"]
[EventDate "2013.04.24"]
[EventType "tourn"]
[EventRounds "9"]
[EventCountry "RSA"]
[EventCategory "2"]
[SourceTitle "CBM 154 Extra"]
[Source "ChessBase"]
[SourceDate "2013.06.25"]
[SourceVersion "2"]
[SourceVersionDate "2013.06.25"]
[SourceQuality "1"]

1. e4 c5 2. Nf3 d6 3. Bb5+ Bd7 4. Bxd7+ Qxd7 5. 0-0 Nc6 6. Qe2 Nf6 7. Rd1 g5 8. c3 g4 9. Ne1 Qe6 10. d3 d5 11. Bg5 0-0-0 12. Nd2 Rg8 13. Bh4 Nh5 14. Nb3 b6 15. d4 c4 16. Nd2 Bh6 17. Nxc4 Nf4 18. Qc2 dxe4 19. Ne3 f5 20. Qb3 Nd5 21. c4 Nxe3 22. fxe3 Na5 23. Qa3 Kb7 24. d5 Qd6 25. Qxd6 Bxe3+ 26. Kf1 Rxd6 27. b3 Bg5 28. Bxg5 Rxg5 29. Nc2 Rh6 30. Kg1 Kc7 31. Rf1 Kd6 32. Rad1 Ke5 33. Nd4 Nb7 34. b4 Rgh5 35. g3 Rxh2 36. Rxf5+ Kd6 37. Rff1 R6h3 38. Nf5+ Ke5 39. Ne3 Rh1+ 40. Kf2 R1h2+ 41. Kg1 Rxa2 42. Rf5+ Kd6 43. Nf1 e3 44. Re1 e2 45. Ne3 Rxg3+ 46. Kf2 Rf3+ 47. Rxf3 gxf3 48. Kxf3 Ke5 49. Kf2 Nd6 50. Rc1 Kd4 51. Rh1 e1Q+ 0-1

[Event "Pretoria Capablanca"]
[Site "Pretoria"]
[Date "2013.04.24"]
[Round "1"]
[White "Bwalya, Gillan"]
[Black "Van der Nat, Nicholas P"]
[Result "1-0"]
[WhiteElo "2315"]
[BlackElo "2337"]
[PlyCount "94"]
[EventDate "2013.04.24"]
[EventType "tourn"]
[EventRounds "9"]
[EventCountry "RSA"]
[EventCategory "2"]
[SourceTitle "CBM 154 Extra"]
[Source "ChessBase"]
[SourceDate "2013.06.25"]
[SourceVersion "2"]
[SourceVersionDate "2013.06.25"]
[SourceQuality "1"]

1. d4 Nf6 2. Nf3 g6 3. Nc3 d5 4. Bf4 Bg7 5. e3 0-0 6. h3 c5 7. Be2 Nc6 8. 0-0 cxd4 9. exd4 Bf5 10. Ne5 Rc8 11. a3 Qb6 12. Na4 Qa5 13. Nc3 Qb6 14. Na4 Qa5 15. Nc3 Nd7 16. Nxc6 Rxc6 17. Bb5 Rcc8 18. Qe2 Nf6 19. Be5 a6 20. Bd3 Bxd3 21. Qxd3 Rc4 22. Nd1 Rfc8 23. c3 R4c6 24. Re1 Qa4 25. Qf3 Qb3 26. Re2 Ne4 27. Ne3 f6 28. Bh2 f5 29. Rae1 b5 30. Nd1 a5 31. Qe3 Bf6 32. f3 Ng5 33. Be5 Bxe5 34. dxe5 Ne6 35. Qa7 Kf7 36. Qxa5 d4 37. Rd2 Rc4 38. cxd4 Nxd4 39. Nc3 Nc2 40. e6+ Kg7 41. Ree2 Nxa3 42. Rd7 Kh6 43. Rxe7 Rxc3 44. Qa7 Qd1+ 45. Kf2 Rh8 46. bxc3 Nc4 47. Qd4 Qxd4+ 1-0

[Event "Pretoria Capablanca"]
[Site "Pretoria"]
[Date "2012.05.01"]
[Round "9"]
[White "Simutowe, Musatwe"]
[Black "Van der Nat, Nicholas P"]
[Result "0-1"]
[WhiteElo "2119"]
[BlackElo "2337"]
[PlyCount "102"]
[EventDate "2012.04.27"]
[EventType "tourn"]
[EventRounds "9"]
[EventCountry "RSA"]
[EventCategory "1"]
[SourceTitle "CBM 148 Extra"]
[Source "ChessBase"]
[SourceDate "2012.06.22"]
[SourceVersion "1"]
[SourceVersionDate "2012.06.22"]
[SourceQuality "1"]

1. d4 Nf6 2. Nf3 d6 3. c4 g6 4. Nc3 Bg7 5. e4 0-0 6. Be2 Nbd7 7. 0-0 e5 8. Re1 Nh5 9. Bf1 Nf4 10. dxe5 dxe5 11. Be3 c6 12. Qd6 Ne6 13. Rad1 Re8 14. Qd2 Qe7 15. Qd6 Qf6 16. Qd2 Ndf8 17. Qc1 Nf4 18. Bxf4 Qxf4 19. Qxf4 exf4 20. Nd4 Bd7 21. Re2 Rad8 22. Red2 Bc8 23. Nde2 Rxd2 24. Rxd2 Ne6 25. f3 Kf8 26. Kf2 Ke7 27. Ke1 Be5 28. Kd1 g5 29. Kc2 h5 30. b4 g4 31. c5 Bd7 32. Nd1 a5 33. a3 axb4 34. axb4 Ng5 35. Rd3 Ra8 36. Ng1 Ra2+ 37. Kc1 Ra4 38. b5 Ra1+ 39. Kc2 cxb5 40. Rb3 Ne6 41. Rb4 Ra2+ 42. Kc1 Nxc5 43. fxg4 hxg4 44. h4 Ra4 45. Rb1 Rxe4 46. Bxb5 Re1 47. Ne2 f3 48. gxf3 gxf3 49. Kd2 f2 50. Ng3 Bxg3 51. Be2 Bf4+ 0-1

[Event "Pretoria Capablanca"]
[Site "Pretoria"]
[Date "2012.04.28"]
[Round "3"]
[White "Mabusela, Johannes Manyedi"]
[Black "Van der Nat, Nicholas P"]
[Result "1-0"]
[WhiteElo "2298"]
[BlackElo "2337"]
[PlyCount "105"]
[EventDate "2012.04.27"]
[EventType "tourn"]
[EventRounds "9"]
[EventCountry "RSA"]
[EventCategory "1"]
[SourceTitle "CBM 148 Extra"]
[Source "ChessBase"]
[SourceDate "2012.06.22"]
[SourceVersion "1"]
[SourceVersionDate "2012.06.22"]
[SourceQuality "1"]

1. d4 Nf6 2. c4 g6 3. Nc3 Bg7 4. e4 d6 5. Nf3 0-0 6. h3 c5 7. d5 e6 8. Bd3 exd5 9. exd5 Re8+ 10. Be3 b5 11. cxb5 Bb7 12. 0-0 Nbd7 13. Bc4 Nb6 14. Qd3 Nxc4 15. Qxc4 Qa5 16. Rfd1 a6 17. bxa6 Rxa6 18. a3 Nd7 19. Rab1 Nb6 20. Qh4 Na4 21. Ne4 Qd8 22. Bg5 f6 23. Bxf6 Rxe4 24. Bxd8 Rxh4 25. Bxh4 Nxb2 26. Rd2 Rb6 27. Bd8 Rb5 28. Bc7 c4 29. Bxd6 c3 30. Re2 Bxd5 31. Re8+ Kf7 32. Re7+ Kf6 33. Rc7 Be4 34. Re1 Bxf3 35. gxf3 Nd3 36. Rd1 Nb2 37. Rc1 Na4 38. Bb4 Bh6 39. Bxc3+ Kf5 40. Rd1 Bf4 41. Rf7+ Kg5 42. h4+ Kh6 43. Bg7+ Kh5 44. Rxf4 Nb2 45. Rb1 g5 46. Rxb2 Rd5 47. hxg5 Rxg5+ 48. Kf1 h6 49. Bxh6 Kxh6 50. Rg4 Rc5 51. Kg2 Rc1 52. Rb6+ Kh5 53. Rb8 1-0

[Event "Commonwealth-ch RSA op"]
[Site "Gauteng"]
[Date "2011.07.03"]
[Round "11"]
[White "Kunte, Abhijit"]
[Black "Van der Nat, Nicholas P"]
[Result "1-0"]
[WhiteElo "2526"]
[BlackElo "2308"]
[PlyCount "111"]
[EventDate "2011.06.25"]
[EventType "swiss"]
[EventRounds "11"]
[EventCountry "RSA"]
[SourceTitle "CBM 143 Extra"]
[Source "ChessBase"]
[SourceDate "2011.08.29"]
[SourceVersion "1"]
[SourceVersionDate "2011.08.29"]
[SourceQuality "1"]

1. d4 Nf6 2. c4 g6 3. g3 Bg7 4. Bg2 0-0 5. Nc3 d6 6. Nf3 c6 7. 0-0 Qa5 8. e4 e5 9. h3 Nbd7 10. Re1 Re8 11. d5 cxd5 12. cxd5 b5 13. a3 a6 14. Be3 Qc7 15. Rc1 Qb7 16. Nd2 Nb6 17. a4 Bd7 18. a5 Nc8 19. Na2 Ne7 20. Qb3 Reb8 21. Rc3 Ne8 22. Rec1 h6 23. h4 h5 24. Bg5 f6 25. Be3 Kh7 26. Kh2 Bh6 27. Bxh6 Kxh6 28. Nb4 Rc8 29. Bh3 Rxc3 30. Qxc3 Bxh3 31. Qe3+ Kg7 32. Kxh3 Rc8 33. Rxc8 Qxc8+ 34. Kg2 f5 35. Qa7 Kf8 36. Qxa6 Qc1 37. Nf1 Qc4 38. Nc6 Qxe4+ 39. Kg1 Nxd5 40. Qb7 f4 41. Ne7 Nef6 42. Nxd5 Nxd5 43. a6 fxg3 44. Nxg3 Qe1+ 45. Nf1 Nf4 46. a7 Ne2+ 47. Kg2 Nf4+ 48. Kg3 Ne2+ 49. Kf3 e4+ 50. Kxe4 Ng1+ 51. Ne3 Qb4+ 52. Kd5 Qc5+ 53. Ke6 Qe5+ 54. Kd7 Qe7+ 55. Kc6 Qe8+ 56. Kb6 1-0

[Event "Commonwealth-ch RSA op"]
[Site "Gauteng"]
[Date "2011.07.01"]
[Round "9"]
[White "Van der Nat, Nicholas P"]
[Black "Grover, Sahaj"]
[Result "1-0"]
[WhiteElo "2308"]
[BlackElo "2485"]
[PlyCount "97"]
[EventDate "2011.06.25"]
[EventType "swiss"]
[EventRounds "11"]
[EventCountry "RSA"]
[SourceTitle "CBM 143 Extra"]
[Source "ChessBase"]
[SourceDate "2011.08.29"]
[SourceVersion "1"]
[SourceVersionDate "2011.08.29"]
[SourceQuality "1"]

1. e4 e6 2. d4 d5 3. Nc3 Bb4 4. e5 c5 5. a3 Bxc3+ 6. bxc3 Ne7 7. Qg4 cxd4 8. Qxg7 Rg8 9. Qxh7 Qc7 10. Ne2 Nbc6 11. f4 Bd7 12. Qd3 dxc3 13. Qxc3 0-0-0 14. Rb1 Kb8 15. Rg1 d4 16. Qd3 Nd5 17. g4 f6 18. exf6 e5 19. g5 e4 20. Qxe4 Nc3 21. Nxc3 Rge8 22. Kf2 Rxe4 23. Nxe4 Bf5 24. Bd3 Qh7 25. Nc5 b6 26. Bxf5 Qxf5 27. Nd3 Rh8 28. Rg2 Ne5 29. Nxe5 Qxc2+ 30. Bd2 Qxd2+ 31. Kg3 Qe3+ 32. Nf3 d3 33. Re1 Rh3+ 34. Kxh3 Qxf3+ 35. Kh4 Qxf4+ 36. Kh5 Qf3+ 37. Kg6 Qxg2 38. f7 Qc6+ 39. Kh7 Qc7 40. Kg8 Qc4 41. g6 Kc7 42. Rd1 Kd7 43. h4 Ke7 44. Rxd3 Kf6 45. Rg3 b5 46. h5 Qd5 47. h6 Ke7 48. Re3+ Kf6 49. h7 1-0

[Event "Commonwealth-ch RSA op"]
[Site "Gauteng"]
[Date "2011.06.26"]
[Round "2"]
[White "Hoek, Adriana J"]
[Black "Van der Nat, Nicholas P"]
[Result "0-1"]
[WhiteElo "1751"]
[BlackElo "2308"]
[PlyCount "74"]
[EventDate "2011.06.25"]
[EventType "swiss"]
[EventRounds "11"]
[EventCountry "RSA"]
[SourceTitle "CBM 143 Extra"]
[Source "ChessBase"]
[SourceDate "2011.08.29"]
[SourceVersion "1"]
[SourceVersionDate "2011.08.29"]
[SourceQuality "1"]

1. e4 c5 2. Nc3 Nc6 3. f4 g6 4. Nf3 Bg7 5. Bb5 Nd4 6. 0-0 a6 7. Bc4 e6 8. Bb3 Ne7 9. Nxd4 cxd4 10. Ne2 0-0 11. d3 b5 12. Bd2 d5 13. Ng3 dxe4 14. dxe4 a5 15. a4 bxa4 16. Rxa4 Bd7 17. Ra1 Qb6 18. Kh1 Rfc8 19. c3 a4 20. Bc2 Rd8 21. Qc1 Bb5 22. Rf3 Bc6 23. cxd4 Bxd4 24. Bc3 f5 25. Bxd4 Rxd4 26. Re3 Qb7 27. b3 h5 28. bxa4 h4 29. Nf1 fxe4 30. Nd2 Nf5 31. Nb3 Rc4 32. Re2 e3 33. Qb1 h3 34. Bxf5 hxg2+ 35. Rxg2 Bxg2+ 36. Kg1 Qb4 37. Qe1 Rxf4 0-1

[Event "Commonwealth-ch RSA op"]
[Site "Gauteng"]
[Date "2011.06.24"]
[Round "7"]
[White "Cox, Rian"]
[Black "Van der Nat, Nicholas P"]
[Result "0-1"]
[WhiteElo "1763"]
[BlackElo "2308"]
[PlyCount "36"]
[EventDate "2011.06.25"]
[EventType "swiss"]
[EventRounds "11"]
[EventCountry "RSA"]
[SourceTitle "CBM 143 Extra"]
[Source "ChessBase"]
[SourceDate "2011.08.29"]
[SourceVersion "1"]
[SourceVersionDate "2011.08.29"]
[SourceQuality "1"]

1. e4 c5 2. Nf3 a6 3. c3 d5 4. exd5 Qxd5 5. d4 Nf6 6. dxc5 Qxc5 7. Be2 e5 8. 0-0 Bd6 9. Nbd2 Nbd7 10. Ng5 Bc7 11. Nde4 Qe7 12. Qc2 0-0 13. Bd3 Nd5 14. Nf3 Kh8 15. Ng3 g6 16. Bh6 Re8 17. Rae1 b6 18. Bxg6 hxg6 0-1

[Event "Gaborone zt 4.3"]
[Site "Gaborone"]
[Date "2011.04.03"]
[Round "3"]
[White "Solomon, Kenny"]
[Black "Van der Nat, Nicholas P"]
[Result "0-1"]
[WhiteElo "2450"]
[BlackElo "2319"]
[PlyCount "102"]
[EventDate "2011.04.01"]
[EventType "swiss"]
[EventRounds "9"]
[EventCountry "BOT"]
[SourceTitle "EXT 2015"]
[Source "ChessBase"]
[SourceDate "2014.11.20"]
[SourceVersion "1"]
[SourceVersionDate "2014.11.20"]
[SourceQuality "1"]

1. d4 Nf6 2. c4 g6 3. g3 Bg7 4. Bg2 d6 5. Nc3 0-0 6. Nf3 c6 7. 0-0 Qa5 8. d5 Qa6 9. Nd2 Nbd7 10. a4 Ne5 11. b3 cxd5 12. cxd5 Qa5 13. Bb2 Bg4 14. f3 Rfc8 15. Rc1 Bd7 16. Kh1 a6 17. h3 Nh5 18. Qe1 f5 19. f4 Nf7 20. Nc4 Qb4 21. Ba1 Qxb3 22. Ne3 Bxc3 23. Bxc3 Nxg3+ 24. Qxg3 Rxc3 25. Rxc3 Qxc3 26. Kh2 Bxa4 27. Rf3 Qf6 28. Nc4 Bb5 29. Nb6 Re8 30. Qf2 e5 31. dxe6 Qxe6 32. Rc3 Bc6 33. Bxc6 bxc6 34. Rxc6 Qxe2 35. Qxe2 Rxe2+ 36. Kg3 Re3+ 37. Kg2 Kg7 38. Rc7 Rb3 39. Nc8 Rb2+ 40. Kg3 Rb3+ 41. Kg2 Rd3 42. Ra7 Kf6 43. Rxa6 Ke6 44. Ra7 Rc3 45. Ne7 Nh6 46. h4 d5 47. Kf2 Ng4+ 48. Ke2 Nf6 49. Kd2 d4 50. Rb7 Ne4+ 51. Kd1 d3 0-1